De santos, vírgenes y demonios : historias de pacientes /

Bibliographic Details
Main Author: Abad Rodas, Magdalena (Author)
Format: Electronic eBook
Language:Spanish
Published: Cuenca, Ecuador : Universidad del Azuay, Casa Editora, [2023]
Subjects:
Online Access:Digitalia Hispánica

MARC

LEADER 00000nam a2200000 i 4500
001 DIGUAZUAY0225
003 NyNyDIG
007 cr |||||||||||
008 260115s2023 ec a o 000 j spa d
006 m o d
035 |a (OCoLC)1569883707 
040 |a DGITA  |b eng  |e rda  |e pn  |c DGITA 
020 |a 9789942618252  |q eBook 
020 |z 9789942618245 
050 1 4 |a PQ8220.41.B1 ebook 
100 1 |a Abad Rodas, Magdalena,  |e author. 
245 1 0 |a De santos, vírgenes y demonios :  |b historias de pacientes /  |c Magdalena Abad Rodas. 
264 1 |a Cuenca, Ecuador :  |b Universidad del Azuay, Casa Editora,  |c [2023] 
300 |a 1 online resource :  |b illustrations. 
336 |a text  |b txt  |2 rdacontent 
337 |a computer  |b c  |2 rdamedia 
338 |a online resource  |b cr  |2 rdacarrier 
347 |a text file  |2 rdaft 
347 |b PDF 
588 0 |a Online resource; title from PDF title page (Digitalia, viewed January 15, 2026) 
650 0 |a Physician and patient  |v Fiction. 
655 7 |a Fiction.  |2 lcgft 
655 7 |a Short stories.  |2 lcgft 
791 2 |a Digitalia (Firm),  |e distributor. 
793 0 |g Digitalia eBook Collection:  |a Universidad del Azuay 
776 0 8 |i Print version:  |a Abad Rodas, Magdalena.  |t De santos, vírgenes y demonios.  |d Cuenca, Ecuador : Universidad del Azuay, Casa Editora, [2023]  |z 9789942618245 
856 4 0 |3 Digitalia Hispánica  |u https://www.digitaliapublishing.com/a/134014/ 
910 |a Premium collection: 2026